000 00357nam a2200133Ia 4500
008 240624s9999 xx 000 0 und d
041 _aeng
082 _a332.67 SER
100 _aSERKIN GAVIN
245 _aFRONTIER EXPLORING THE TOP TEN EMERGING
260 _c2015
_aUnited Kingdom
_bBloomberg Press
300 _axx, : 399 : p. : cm. ; 23
365 _c
_b30
999 _c26904
_d26904